Normal view MARC view

Entry Personal Name

Number of records used in: 2

001 - CONTROL NUMBER

  • control field: 21263

003 - CONTROL NUMBER IDENTIFIER

  • control field: dpl

005 - DATE AND TIME OF LATEST TRANSACTION

  • control field: 20100923121712.0

008 - FIXED-LENGTH DATA ELEMENTS

  • fixed length control field: 100923|||a|||||| | ||| d

040 ## - CATALOGING SOURCE

  • Original cataloging agency: dpl
  • Transcribing agency: dpl

100 ## - HEADING--PERSONAL NAME

  • Personal name: कारात, बृंदा

670 ## - SOURCE DATA FOUND

  • Source citation: Work cat.: (dpl)33927: कारात, बृंदा, भारतीय नारीःसंघर्ष और मुक्ति, 2008

670 ## - SOURCE DATA FOUND

  • Source citation: Work cat.: (dpl)33927: कारात, बृंदा, भारतीय नारीःसंघर्ष और मुक्ति, 2008

© Delhi Public Library
Hit Counter
free hit counter